MARC

LEADER 00000nam0a2200000 4500
001 60791
005 20231031061925.0
035 |a (RuTPU)RU\TPU\book\64279 
090 |a 60791 
100 |a 20040220d1978 k y0rusy50 ca 
101 0 |a rus 
102 |a RU 
105 |a a g 001zy 
200 1 |a Справочник мастера по НОТ  |f В. В. Кащеев 
210 |a Москва  |c Московский рабочий  |d 1978 
215 |a 152 с.  |c ил. 
320 |a Библиогр.: с. 150 
610 1 |a научная организация труда 
610 1 |a справочники 
610 1 |a промышленные предприятия 
610 1 |a планирование 
610 1 |a эффективность 
610 1 |a продукция 
610 1 |a качество 
610 1 |a мастера 
675 |a 658(035)  |v 3 
700 1 |a Кащеев  |b В. В.  |g Владимир Викторович 
801 1 |a RU  |b 63413507  |c 20040220  |g PSBO 
801 2 |a RU  |b 63413507  |c 20161024  |g PSBO 
942 |c BK